| 000 | 00396nam a2200145Ia 4500 | ||
|---|---|---|---|
| 008 | 231129s2003||||xx |||||||||||||| ||spa|| | ||
| 020 | _a958-30-1069-3 | ||
| 040 | _bspa | ||
| 082 | _a745.5922 Q7m | ||
| 100 | _aQuintero Ovalle Zandra | ||
| 245 | 0 | _aMuñecos de trapo a la luz de las velas | |
| 260 | _c2003 | ||
| 264 | _aPanamericana | ||
| 942 |
_2ddc _cBKS |
||
| 999 |
_c21502 _d21502 |
||